University education in India, (Record no. 77606)

MARC details
000 -LEADER
fixed length control field 00708cam a22002531 4500
001 - CONTROL NUMBER
control field sa 68000983
003 - CONTROL NUMBER IDENTIFIER
control field DLC
005 - DATE AND TIME OF LATEST TRANSACTION
control field 20260227112429.0
008 - FIXED-LENGTH DATA ELEMENTS--GENERAL INFORMATION
fixed length control field 711108s1967 ii b 000 0 eng
010 ## - LIBRARY OF CONGRESS CONTROL NUMBER
LC control number sa 68000983
025 ## - OVERSEAS ACQUISITION NUMBER
Overseas acquisition number PL480:I-E-9223
040 ## - CATALOGING SOURCE
Original cataloging agency DLC
Transcribing agency DLC
Modifying agency DLC
043 ## - GEOGRAPHIC AREA CODE
Geographic area code a-ii---
050 00 - LIBRARY OF CONGRESS CALL NUMBER
Classification number LA1153
Item number .D67
082 00 - DEWEY DECIMAL CLASSIFICATION NUMBER
Classification number 378.1/00954
100 1# - MAIN ENTRY--PERSONAL NAME
Personal name Dongerkery, S. R.
Fuller form of name (Sunderrao Ramrao),
Dates associated with a name 1898-
245 10 - TITLE STATEMENT
Title University education in India,
Statement of responsibility, etc. by S. R. Dongerkery.
260 ## - PUBLICATION, DISTRIBUTION, ETC.
Place of publication, distribution, etc. Bombay,
Name of publisher, distributor, etc. Manaktalas
Date of publication, distribution, etc. [1967]
300 ## - PHYSICAL DESCRIPTION
Extent xiv, 360 p.
Dimensions 23 cm.
350 ## - PRICE (NR) (BK AM CF MU VM SE) [OBSOLETE]
Price Rs36
504 ## - BIBLIOGRAPHY, ETC. NOTE
Bibliography, etc. note Bibliography: p. 345-348.
650 #0 - SUBJECT ADDED ENTRY--TOPICAL TERM
Topical term or geographic name entry element Universities and colleges
Geographic subdivision India.
650 #0 - SUBJECT ADDED ENTRY--TOPICAL TERM
Topical term or geographic name entry element Education, Higher.

No items available.

Powered by Koha